000 00742nam a2200289Ia 4500
005 20260324123153.0
008 008 260324s9999 xx 000 0 eng d
020 _a9781315591001
037 _aEBOOK
040 _aCRL
040 _beng
040 _cCRL
041 _2eng
041 _aeng
084 _qCRL
100 _aMatt Lobley; John R. Baker; Ian Whitehead
_91169294
245 0 _aKeeping it in the Family
245 0 _bInternational Perspectives on Succession and Retirement on Family Farms
260 _bTaylor and Francis
260 _c2012
365 _a
365 _b255
856 _uhttp://www.taylorfrancis.com/books/9781315591001
942 _cEBOOK
999 _c1762575
_d1762575